Guess The Singer #3 - Statistics

General Stats
  • This quiz has been taken 28 times
  • The average score is 8 of 20
Answer Stats
Hint Answer % Correct
Imagine John Lennon
96%
Toxic Britney Spears
85%
I Am The Walrus Beatles
81%
I Just Called To Say I Love You Stevie Wonder
77%
Sweet Caroline Neil Diamond
69%
When Doves Cry Prince
65%
Basket Case Green Day
50%
Who Let The Dogs Out Baha Men
46%
Levitating Dua Lipa
46%
Rivers of Babylon Boney M
35%
The Imperial March John Williams
35%
Love Of My Life Queen
27%
You'll Never Walk Alone Gerry and the Pacemakers
19%
Memories Maroon 5
19%
Come And Get Your Love Redbone
19%
i'm Yours Jason Mraz
15%
Jalebi Baby Jason Derulo
12%
Stefania Kalush Orchestra
8%
Sound Of Da Police KRS ONE
8%
The Heart Don't Lie Reba McEntire
8%
No matching quizzes found
Score Distribution
Percent of People with Each Score
Percentile by Number Answered
Your Score History
You have not taken this quiz